|
|
|
|
| LEADER |
01496nam a2200373Ia 4500 |
| 001 |
EBC3414644 |
| 003 |
MiAaPQ |
| 005 |
20200520144314.0 |
| 006 |
m o d | |
| 007 |
cr cn||||||||| |
| 008 |
020327s2002 miua sb s001 0 eng d |
| 010 |
|
|
|z 2002020306
|
| 020 |
|
|
|z 9780472112548
|
| 020 |
|
|
|z 0472112546 (cloth : alk. paper)
|
| 035 |
|
|
|a (MiAaPQ)EBC3414644
|
| 035 |
|
|
|a (Au-PeEL)EBL3414644
|
| 035 |
|
|
|a (CaPaEBR)ebr10362205
|
| 035 |
|
|
|a (CaONFJC)MIL246299
|
| 035 |
|
|
|a (OCoLC)743199684
|
| 040 |
|
|
|a MiAaPQ
|c MiAaPQ
|d MiAaPQ
|
| 050 |
|
4 |
|a HG1811
|b .B47 2002
|
| 100 |
1 |
|
|a Bernhard, William
|q (William T.)
|
| 245 |
1 |
0 |
|a Banking on reform
|h [electronic resource] :
|b political parties and central bank independence in the industrial democracies /
|c William Bernhard.
|
| 260 |
|
|
|a Ann Arbor :
|b University of Michigan Press,
|c c2002.
|
| 300 |
|
|
|a xiv, 237 p. :
|b ill.
|
| 490 |
1 |
|
|a Michigan studies in international political economy
|
| 504 |
|
|
|a Includes bibliographical references (p. 209-229) and index.
|
| 533 |
|
|
|a Electronic reproduction. Ann Arbor, MI : ProQuest, 2015. Available via World Wide Web. Access may be limited to ProQuest affiliated libraries.
|
| 650 |
|
0 |
|a Banks and banking, Central.
|
| 650 |
|
0 |
|a Monetary policy.
|
| 655 |
|
4 |
|a Electronic books.
|
| 710 |
2 |
|
|a ProQuest (Firm)
|
| 830 |
|
0 |
|a Michigan studies in international political economy.
|
| 856 |
4 |
0 |
|u https://ebookcentral.proquest.com/lib/matrademy/detail.action?docID=3414644
|z Click to View
|